[Event "12th Lichtenberger Sommer"]
[Site "Berlin GER"]
[Date "2013.08.20"]
[Round "4.57"]
[White "Shapiro,Y"]
[Black "Adelberger,Georg"]
[Result "0-1"]
[WhiteElo "2112"]
[BlackElo "1924"]

1.Nf3 d5 2.g3 g6 3.Bg2 Bg7 4.O-O c5 5.c4 e6 6.Nc3 Ne7 7.d3 Nbc6 8.Bf4 O-O
9.Qc1 b6 10.Bh6 Bb7 11.Bxg7 Kxg7 12.Rd1 d4 13.Nb5 a6 14.Na3 Qc7 15.Nc2 Rad8
16.a3 Na5 17.Qg5 h6 18.Qg4 Nb3 19.Rab1 f5 20.Qf4 Qxf4 21.gxf4 Bxf3 22.Bxf3 Rd7
23.Na1 Nxa1 24.Rxa1 a5 25.b4 axb4 26.axb4 g5 27.Ra6 g4 28.Bg2 Ng6 29.e3 dxe3
30.fxe3 Rfd8 31.Rxb6 e5 32.Bd5 cxb4 33.Ra1 Ne7 34.e4 exf4 35.Raa6 h5 36.Rxb4 Nxd5
37.cxd5 fxe4 38.dxe4 Rc8 39.Rbb6 Rc1+ 40.Kf2 Rdc7 41.Rc6 Rc2+ 42.Rxc2 Rxc2+
43.Ke1 g3 44.hxg3 fxg3 45.Kf1 h4 46.Ra3 Rf2+ 47.Kg1 Kf6 48.Rd3 Kg5 49.d6 Kg4
50.d7 h3 51.Rd1 h2+ 52.Kh1 Kh3  0-1

[Event "3rd Budapest Open"]
[Site "Budapest HUN"]
[Date "2013.08.20"]
[Round "4.21"]
[White "Schatzer,A"]
[Black "Gyulai,David"]
[Result "1-0"]
[WhiteElo "1827"]
[BlackElo "1435"]

1.Nf3 d5 2.g3 c5 3.Bg2 Nc6 4.d4 e6 5.O-O b6 6.c4 Bd7 7.cxd5 exd5 8.dxc5 Bxc5
9.Qxd5 Nge7 10.Qd3 O-O 11.Nc3 Bf5 12.Qxd8 Raxd8 13.e4 Be6 14.Na4 Bc4 15.Re1 Nd4
16.Nxd4 Bxd4 17.Be3 Be5 18.f4 Bb5 19.Nc3 Bxc3 20.bxc3 Nc6 21.a4 Bc4 22.Bf1 Bxf1
23.Kxf1 Rd3 24.Rac1 Na5 25.Ke2 Rd7 26.Red1 Rc7 27.Rd3 Nb3 28.Rcd1 Nc5 29.Bxc5 Rxc5
30.Rd7 Rxc3 31.Rxa7 Ra3 32.Rb1 Ra2+ 33.Kf3 Rxh2 34.Rxb6 Ra2 35.e5 Ra3+ 36.Kg4 f5+
37.exf6 gxf6 38.Rbb7 f5+ 39.Kh4 Re8 40.Rg7+ Kh8 41.Rxh7+ Kg8 42.Rhg7+ Kh8
43.Rgf7 Ra1 44.Rxf5 Rh1+ 45.Kg4 Rf1 46.a5  1-0

[Event "3rd Budapest Open"]
[Site "Budapest HUN"]
[Date "2013.08.21"]
[Round "5.10"]
[White "Mihok,L"]
[Black "Palla,A"]
[Result "0-1"]
[WhiteElo "2102"]
[BlackElo "2054"]

1.Nf3 d5 2.g3 Nf6 3.Bg2 c6 4.c4 dxc4 5.O-O Nbd7 6.Qc2 Nb6 7.a4 a5 8.Na3 Be6
9.Ng5 Bg4 10.Nxc4 Bxe2 11.Ne5 Bh5 12.h3 e6 13.g4 Bg6 14.Nxg6 hxg6 15.Re1 Be7
16.d3 Nfd5 17.Ne4 Nb4 18.Qc3 Bf6 19.Nxf6+ Qxf6 20.Rd1 O-O 21.d4 N6d5 22.Qd2 Rfd8
23.Ra3 Rd7 24.Rf3 Qe7 25.b3 Rad8 26.Ba3 Nf6 27.Rd3 c5 28.Bxb4 axb4 29.g5 Nh7
30.d5 Qxg5 31.Qc2 Nf6 32.dxe6 fxe6 33.Rxd7 Rxd7 34.Rxd7 Nxd7 35.Qe4 Nf6 36.Qxb7 Qc1+
37.Kh2 Qf4+ 38.Kg1 Qc1+ 39.Kh2 Qa3 40.Qc8+ Kf7 41.Qxc5 Qxb3 42.Qc7+ Kg8 43.a5 Qa2
44.Qb8+ Kh7 45.Qxb4 Qxf2 46.a6 Nh5 47.Qg4 e5 48.Qf3 Qa2 49.Qd5 Qxa6 50.Qxe5 Qf6
51.Qe3 Qb2 52.Kg1 Qb1+ 53.Kh2 Qb8+ 54.Kg1 Qf4 55.Qxf4 Nxf4 56.Bf1 Kh6 57.Kh2 Kg5
58.Kg3 Nh5+ 59.Kh2 Kh4 60.Ba6 Ng3 61.Bb5 Nh5 62.Bd7 Kg5 63.Bc8 Kf4 64.Bb7 g5
65.Bc8 Ng3 66.Ba6 Kf3 67.Bb5 Kf2 68.Ba6 Nf5 69.Bb5 Nh4 70.Bc6 Nf3+ 71.Kh1 Kg3
72.Bd7 Nh4 73.Kg1 Ng6 74.Kh1 Nf4 75.Bc8 Nxh3 76.Bd7 Nf4 77.Bb5 Kf3 78.Kg1 Kg3
79.Ba6 Nh3+ 80.Kh1 g4 81.Bc8 Kf3 82.Kh2 Nf4 83.Kg1 g3 84.Bb7+ Kg4 85.Bc6 g5
86.Bb7 Kh3 87.Bc8+ g4 88.Bb7 g2 89.Ba6 Kg3  0-1

[Event "21st Troya Open 2013"]
[Site "Canakkale TUR"]
[Date "2013.08.21"]
[Round "6.19"]
[White "Demiralp,M"]
[Black "Nurlu,Selin"]
[Result "1-0"]
[WhiteElo "2092"]
[BlackElo "1598"]

1.Nf3 d5 2.g3 Nf6 3.Bg2 Bf5 4.O-O e6 5.c4 c6 6.d4 Nbd7 7.Nbd2 Be7 8.b3 O-O
9.Bb2 Rc8 10.Nh4 Bg6 11.Nxg6 hxg6 12.e4 dxe4 13.Nxe4 Nxe4 14.Bxe4 Nf6 15.Bg2 Kh7
16.f4 Rh8 17.Qe2 Kg8 18.Rfe1 Bb4 19.Red1 Ba5 20.Rd3 Rc7 21.Rad1 Rd7 22.Bf3 Bb6
23.Kg2 Rh6 24.b4 a6 25.a4 Bc7 26.R1d2 Nh5 27.Qe4 Qb8 28.Rd1 Nxf4+ 29.gxf4 Bxf4
30.h3 g5 31.Rh1 f5 32.Qe2 Qd6 33.c5 Qe7 34.Kf1 g4 35.hxg4 Rxh1+ 36.Bxh1 Qh4
37.Bf3 fxg4 38.Qxe6+ Rf7 39.Qxg4 Qxg4 40.Bxg4 Bc1+ 41.Kg2 Bxb2 42.Be6 Kf8
43.Bxf7 Kxf7 44.d5 cxd5 45.Rxd5 Ke6 46.Rd6+ Ke7 47.Rb6 Bc3 48.Rxb7+ Kd8 49.b5 axb5
50.axb5  1-0

[Event "22nd Feffernitz Open 2013"]
[Site "Feffernitz GER"]
[Date "2013.08.21"]
[Round "5.4"]
[White "Jandke,M"]
[Black "Ivanov,MM"]
[Result "0-1"]
[WhiteElo "2095"]
[BlackElo "2390"]

1.Nf3 d5 2.g3 c6 3.b3 Bg4 4.Bb2 Nd7 5.d4 e6 6.Nbd2 f5 7.Ne5 Nxe5 8.dxe5 Bc5
9.h3 Qb6 10.Rh2 Bh5 11.g4 fxg4 12.e3 g3 13.Qxh5+ g6 14.Qg4 gxh2 15.Qxe6+ Ne7
16.Bg2 Bxe3 17.O-O-O Bxd2+ 18.Rxd2 Rf8 19.Ba3 c5 20.Qg4 Qa5 21.Bb2 Rxf2 22.b4 Rxg2
23.Qxg2 Qxb4 24.Qxh2 O-O-O 25.a3 Qh4 26.Qg1 d4 27.c3 Nc6 28.cxd4 cxd4 29.Qf1 Qe7  0-1

[Event "3rd Isthmia Open"]
[Site "Vrachati GRE"]
[Date "2013.08.21"]
[Round "5.11"]
[White "Nikolaidis,I"]
[Black "Poulopoulos,I"]
[Result "1/2-1/2"]
[WhiteElo "2570"]
[BlackElo "2054"]

1.g3 d5 2.Nf3 Nf6 3.Bg2 c6 4.O-O Bg4 5.b3 Nbd7 6.Bb2 e6 7.d3 Bd6 8.Nbd2 O-O
9.Qe1 e5 10.e4 dxe4 11.dxe4 Qc7 12.Nc4 Bxf3 13.Bxf3 Bc5 14.Qe2 Rad8 15.Rfd1 Rfe8
16.Rd3 b5 17.Ne3 Nf8 18.Ng4 Nxg4 19.Bxg4 Rxd3 20.Qxd3 Rd8 21.Qe2 Qd6 22.a4 a6
23.Rd1 Qxd1+ 24.Qxd1 Rxd1+ 25.Bxd1 f6 26.Bg4 Kf7 27.Bc8 Ne6 28.Kg2 a5 29.Bd7 bxa4
30.bxa4 Nd8 31.f4 Ke7 32.Bc8 Kd6 33.Kf3 Kc7 34.Ba6 exf4 35.gxf4 Ne6 36.e5 f5
37.Bc4 Kd7 38.Bxe6+ Kxe6 39.Bc3 Bb6 40.Be1 g6 41.Bh4 Kf7 42.Bf6 Ke6 43.Ke2 Kd7
44.Kd3 Ke6 45.Kc4 Kd7 46.Bg5 Be3 47.Kd3 Bb6 48.Ke2 Bc5 49.Kf3 Bb6 50.h4 h5
51.Ke2 Bc5 52.Kd3 Bb6 53.c4  1/2-1/2

[Event "74th ch-ARM 1st League"]
[Site "Yerevan ARM"]
[Date "2013.08.21"]
[Round "1.3"]
[White "Gabuzyan,H"]
[Black "Harutyunian,T"]
[Result "0-1"]
[WhiteElo "2540"]
[BlackElo "2334"]

1.Nf3 d5 2.g3 Nf6 3.Bg2 c6 4.O-O Bg4 5.c4 e6 6.cxd5 Bxf3 7.Bxf3 cxd5 8.Nc3 Nc6
9.d3 Be7 10.Bf4 O-O 11.e4 d4 12.Nb5 a6 13.Na3 b5 14.Bd2 Rc8 15.Bg2 Nd7 16.f4 Nc5
17.e5 Nxd3 18.Bxc6 Nxb2 19.Qb3 Bxa3 20.Qxa3 Nc4 21.Qxa6 Nxd2 22.Rf2 d3 23.Re1 Qd4
24.Kg2 Nc4 25.Re4 Qc5 26.Bxb5 Qd5 27.Kf3 d2  0-1

[Event "12th Lichtenberger Sommer"]
[Site "Berlin GER"]
[Date "2013.08.22"]
[Round "6.45"]
[White "Peschke,U"]
[Black "Halli,Gerhard"]
[Result "1-0"]
[WhiteElo "2046"]
[BlackElo "1938"]

1.Nf3 d5 2.g3 b6 3.Bg2 Bb7 4.O-O Nf6 5.d3 e6 6.Nbd2 Be7 7.e4 O-O 8.Re1 c5
9.e5 Nfd7 10.Nf1 Nc6 11.h4 Qc7 12.Bf4 b5 13.N1h2 a5 14.h5 Rfc8 15.Ng4 Nd8
16.Qc1 Nf8 17.Bg5 Bc6 18.Bf6 gxf6 19.exf6 Bd6 20.Qh6  1-0

[Event "3rd Budapest Open"]
[Site "Budapest HUN"]
[Date "2013.08.22"]
[Round "6.14"]
[White "Schatzer,A"]
[Black "Furedi,Erik"]
[Result "0-1"]
[WhiteElo "1827"]
[BlackElo "1927"]

1.Nf3 d5 2.g3 c5 3.c4 d4 4.b4 cxb4 5.a3 e6 6.Bg2 bxa3 7.Bxa3 Bxa3 8.Nxa3 Nc6
9.O-O Nge7 10.Qa4 O-O 11.d3 Bd7 12.Rfb1 Rb8 13.Qc2 e5 14.Nd2 a6 15.c5 f6
16.Nac4 Qc7 17.Nd6 Be6 18.Rb6 Rfd8 19.Rab1 Rd7 20.Nxb7 Nd5 21.Bxd5 Bxd5 22.Nd6 Rxb6
23.Rxb6 Rxd6 24.cxd6 Qxb6 25.Nc4 Qb7 26.f3 h6 27.Kf2 Be6 28.Qa2 Qb5 29.d7 Kh7
30.Qa3 Bxd7 31.Qd6 Qb7 32.Qf8 Be6 33.Nd2 Qb4 34.Qe8 Bd5 35.Qd7 Ne7 36.Nc4 Qb7
37.Qd6 Nf5 38.Qf8 Bxc4 39.dxc4 Ne3 40.Qa3 Qb1  0-1

[Event "9th BDO Challenger"]
[Site "Haarlem NED"]
[Date "2013.08.22"]
[Round "6.1"]
[White "Lahaye,R"]
[Black "Tan,Ju2"]
[Result "1/2-1/2"]
[WhiteElo "2376"]
[BlackElo "2322"]

1.Nf3 d5 2.g3 Bg4 3.Bg2 Nd7 4.c4 e6 5.Qa4 Nf6 6.Ne5 Bf5 7.d3 c6 8.Nxd7 Qxd7
9.Nd2 e5 10.Nf3 e4 11.Nd4 exd3 12.cxd5 Nxd5 13.Nxf5 Qxf5 14.Be4 Qg4 15.exd3 Bb4+
16.Kf1 Be7 17.Kg2 Qd7 18.Qb3 O-O 19.Bxd5 cxd5 20.Bf4 Rac8 21.Rac1 Bc5 22.Rhe1 Bb6
23.d4 Rxc1 24.Rxc1 Re8 25.Be3 h5 26.h4 Qf5 27.Qc2 Qg4 28.Qd1 Qxd1 29.Rxd1 Rc8
30.Rd3 f6 31.Rb3 Kf7 32.a4 Rc7 33.Rb5 Rd7 34.Kf3 Ke6 35.Ke2 Bd8 36.Rc5 Rc7
37.b4 b6 38.Rxc7 Bxc7 39.f4 g5 40.Kf3 gxh4 41.g4 Bd6 42.b5 h3 43.f5+ Kf7
44.gxh5 Kg7 45.Bd2 Kh7 46.Be3 h2 47.Kg2 Bg3 48.Bd2 Bd6  1/2-1/2

[Event "18th Vienna Open 2013"]
[Site "Vienna AUT"]
[Date "2013.08.22"]
[Round "6.15"]
[White "Fauland,A"]
[Black "Visser,HJ"]
[Result "0-1"]
[WhiteElo "2447"]
[BlackElo "2262"]

1.Nf3 d5 2.g3 c6 3.b3 Bg4 4.Bg2 Nd7 5.Bb2 Ngf6 6.d3 e6 7.h3 Bh5 8.g4 Bg6
9.Nh4 Bc5 10.e3 e5 11.a3 a5 12.Nxg6 hxg6 13.Nd2 Qe7 14.g5 Nh5 15.Qg4 Bd6
16.h4 Nf8 17.c4 d4 18.Ne4 Ne6 19.Bh3 Rd8 20.Kd2 Nc5 21.Nxc5 Bxc5 22.Rhe1 dxe3+
23.fxe3 O-O 24.Kc2 Qd6 25.Bf1 b5 26.d4 bxc4 27.Bxc4 exd4 28.Rad1 Bxa3 29.Bxd4 Qh2+
30.Re2 Qg3 31.Qe4 Kh7 32.Qxc6 Qg4 33.Qg2 Qf5+ 34.Bd3 Qe6 35.Rb1 a4 36.bxa4 Rb8
37.Kd1 Rfc8 38.Bb5 Qf5 39.Ra1 Bb4 40.Rf2 Qe6 41.Rb1 Ba5 42.Rc2 Nf4 43.Qh2 Qg4+
44.Kc1 Rxb5 45.exf4 Rxb1+ 46.Kxb1 Qd1+  0-1

[Event "TCh-ESP CECLUB Div1Gp2 2013"]
[Site "Linares ESP"]
[Date "2013.08.23"]
[Round "5.2"]
[White "Senlle Caride,M"]
[Black "Lopez Gracia,F"]
[Result "1/2-1/2"]
[WhiteElo "2303"]
[BlackElo "2375"]

1.Nf3 d5 2.g3 Nc6 3.Bg2 e5 4.d3 f5 5.O-O Nf6 6.c4 d4 7.e3 Be7 8.exd4 exd4
9.Re1 O-O 10.Ng5 Kh8 11.Qb3 Ng4 12.Ne6 Bxe6 13.Rxe6 Qd7 14.Re2 Rae8 15.Qxb7 Nb4
16.Bf4 Bd6 17.Bxd6 Qxd6 18.Rxe8 Rxe8 19.Na3 Nxd3 20.Nb5 Qb4 21.Rf1 Qxb2 22.Qc6 Rf8
23.Qf3 Ndxf2 24.Rxf2 Qxf2+ 25.Qxf2 Nxf2 26.Kxf2 Rb8 27.Bd5 c5 28.a4 Rb6 29.Ke2 Ra6
30.Nc7 Rxa4 31.Ne6 Ra5 32.Kd3  1/2-1/2

[Event "ch-ESP w 2013"]
[Site "Linares ESP"]
[Date "2013.08.23"]
[Round "7.3"]
[White "Aranaz Murillo,A"]
[Black "Nicolas Zapata,I"]
[Result "0-1"]
[WhiteElo "2246"]
[BlackElo "2253"]

1.Nf3 d5 2.g3 Nf6 3.Bg2 Nc6 4.d4 Bf5 5.c4 e6 6.Qb3 Rb8 7.Nc3 Nb4 8.O-O Bc2
9.Qa3 dxc4 10.Qa5 Nfd5 11.Nxd5 exd5 12.Bf4 Bd6 13.a3 b6 14.Qxa7 Nc6 15.Qa6 Bxf4
16.Qb5 Qd7 17.Bh3 f5 18.Ne1 Ra8 19.Nxc2 Ra5 20.Bxf5 Qd6 21.Qxa5 Nxa5 22.gxf4 O-O
23.Ne3 c6 24.Kh1 Qxf4 25.Rg1 Rxf5 26.Nxf5 Qxf5 27.e3 Nb3 28.Raf1 Nd2 29.Rd1 Qf3+  0-1

[Event "24th Porto San Giorgio Open"]
[Site "Porto San Giorgio ITA"]
[Date "2013.08.23"]
[Round "3.7"]
[White "Drasko,M"]
[Black "Moroni,L"]
[Result "1/2-1/2"]
[WhiteElo "2462"]
[BlackElo "2225"]

1.Nf3 d5 2.g3 e6 3.Bg2 Nf6 4.O-O Be7 5.c4 b6 6.b3 Bb7 7.Bb2 O-O 8.e3 c5 9.Nc3 Nc6
10.cxd5 exd5 11.d4 Rc8 12.Ne5 Re8 13.Nxc6 Bxc6 14.Rc1 Qd7 15.dxc5 bxc5 16.Ne2 Bb5
17.Re1 c4 18.Nf4 Bb4 19.Bh3 Qc6 20.Bxc8 Bxe1 21.Qxe1 Rxc8 22.Qd1 d4 23.Bxd4 Ne4
24.f3 Ng5 25.Kf2 Ne6 26.Nxe6 Qxe6 27.Bb2 f6 28.Qd4 Ba6 29.g4 h6 30.h4 cxb3
31.Rxc8+ Bxc8 32.axb3 Qxb3 33.g5 hxg5 34.hxg5 Qc2+ 35.Kg3 Qc7+ 36.f4 fxg5
37.Qd5+ Kh8 38.Qxg5 Bb7 39.Be5 Qf7 40.f5 Kh7 41.Qh4+ Kg8 42.Qd8+ Kh7 43.Qh4+ Kg8
44.Qd8+  1/2-1/2

[Event "18th Vienna Open 2013"]
[Site "Vienna AUT"]
[Date "2013.08.23"]
[Round "7.33"]
[White "Barle,J"]
[Black "Lewicki,Mir"]
[Result "0-1"]
[WhiteElo "2363"]
[BlackElo "2188"]

1.Nf3 d5 2.g3 g6 3.Bg2 Bg7 4.O-O e5 5.d3 Ne7 6.e4 O-O 7.exd5 Nxd5 8.Re1 Nc6
9.c3 Bf5 10.Ng5 Qd7 11.Ne4 Rad8 12.Na3 b6 13.Qa4 h6 14.Bd2 Nce7 15.Qxd7 Rxd7
16.c4 Bxe4 17.Bxe4 Nf6 18.Bb4 c5 19.Bc3 Nxe4 20.dxe4 Nc6 21.Rad1 Nd4 22.Bxd4 exd4
23.Rd3 Re8 24.Nb1 f5 25.Nd2 Rde7 26.f3 h5 27.Rf1 Bh6 28.Kg2 Bxd2 29.Rxd2 fxe4
30.fxe4 Rxe4 31.Rf6 Re2+ 32.Rf2 Rxd2 33.Rxd2 Kg7 34.Kf3 g5 35.b4 Re3+ 36.Kf2 Rc3
37.bxc5 bxc5 38.Rb2 Rxc4 39.Rb7+ Kf6 40.Rxa7 Rc2+ 41.Kf3 d3  0-1

[Event "3rd Isthmia Open"]
[Site "Vrachati GRE"]
[Date "2013.08.23"]
[Round "7.12"]
[White "Toth,Alek"]
[Black "Tsekmes,Dimitrios"]
[Result "1-0"]
[WhiteElo "2330"]
[BlackElo "1825"]

1.Nf3 d5 2.g3 Nf6 3.Bg2 e6 4.d3 c5 5.Nbd2 Nc6 6.e4 Be7 7.O-O b6 8.Re1 Bb7
9.h4 Qc7 10.c3 O-O-O 11.Qa4 h6 12.e5 Nd7 13.d4 Rhe8 14.Nf1 f6 15.exf6 Bxf6
16.Ne3 Be7 17.Ng4 Bd6 18.Bd2 Kb8 19.b4 c4 20.b5 Na5 21.Qc2 Bc8 22.Nfe5 Nxe5
23.Nxe5 Bxe5 24.Rxe5 Qf7 25.Bf4 Ka8 26.h5 Nb7 27.a4 Na5 28.Rae1 Rg8 29.Qg6 Qxg6
30.hxg6 Rge8 31.Bh3 Rd6 32.R5e3 e5 33.Rxe5 Rdd8  1-0

[Event "12th Lichtenberger Sommer"]
[Site "Berlin GER"]
[Date "2013.08.24"]
[Round "8.24"]
[White "Peschke,U"]
[Black "McGowan,D"]
[Result "1/2-1/2"]
[WhiteElo "2046"]
[BlackElo "2116"]

1.Nf3 d5 2.g3 Nf6 3.Bg2 c6 4.O-O Bf5 5.d3 h6 6.Nbd2 e6 7.Ne5 Nbd7 8.Nxd7 Qxd7
9.e4 dxe4 10.dxe4 Bh7  1/2-1/2

[Event "3rd Budapest Open"]
[Site "Budapest HUN"]
[Date "2013.08.24"]
[Round "8.17"]
[White "Schatzer,A"]
[Black "Kancz,Csaba"]
[Result "1/2-1/2"]
[WhiteElo "1827"]
[BlackElo "1648"]

1.Nf3 d5 2.g3 e6 3.Bg2 Nf6 4.O-O c5 5.d3 h6 6.Nbd2 Nc6 7.Re1 Be7 8.e4 O-O
9.h4 b6 10.e5 Ne8 11.Nf1 a6 12.N1h2 f5 13.exf6 Nxf6 14.Bh3 Kf7 15.Ng4 Nxg4
16.Bxg4 Bf6 17.c3 Ra7 18.Bf4 Qe7 19.d4 Kg8 20.Rc1 c4 21.Rc2 b5 22.Rce2 Nd8
23.Be5 a5 24.Qd2 Ra6 25.Bxf6 Qxf6 26.Qe3 Nf7 27.Ne5 Nxe5 28.Qxe5 Qxe5 29.Rxe5 Rf6
30.Kg2 Kf7 31.f4 b4 32.f5 bxc3 33.fxe6+ Bxe6 34.Bxe6+ Raxe6 35.bxc3 a4 36.Rxe6 Rxe6
37.Rxe6 Kxe6 38.Kf3 a3 39.Kf4  1/2-1/2

[Event "9th BDO Challenger"]
[Site "Haarlem NED"]
[Date "2013.08.24"]
[Round "8.5"]
[White "De Ruiter,D"]
[Black "Tan,Ju2"]
[Result "0-1"]
[WhiteElo "2216"]
[BlackElo "2322"]

1.Nf3 d5 2.g3 Bg4 3.Bg2 Nd7 4.c4 e6 5.cxd5 exd5 6.O-O Ngf6 7.Nc3 c6 8.d3 Be7
9.Qc2 O-O 10.Bf4 Nc5 11.h3 Bxf3 12.Bxf3 Ne6 13.Qc1 d4 14.Nd1 Nd5 15.Bd2 f5
16.Qc4 f4 17.gxf4 Nexf4 18.Bxf4 Rxf4 19.Bg2 Kh8 20.Rc1 Bd6 21.Bxd5 cxd5 22.Qxd5 Rg4+
23.Kh1 Qh4 24.Qf3 h5 25.Rg1  0-1

[Event "24th Porto San Giorgio Open"]
[Site "Porto San Giorgio ITA"]
[Date "2013.08.24"]
[Round "4.6"]
[White "Drasko,M"]
[Black "Bentivegna,F"]
[Result "1/2-1/2"]
[WhiteElo "2462"]
[BlackElo "2293"]

1.Nf3 d5 2.g3 Nc6 3.d4 Bg4 4.Bg2 e6 5.O-O Bd6 6.c4 Nf6 7.cxd5 Nxd5 8.Nbd2 O-O
9.Nc4 f5 10.Nfe5 Bxe5 11.Nxe5 Nxe5 12.dxe5 Qe7  1/2-1/2

[Event "18th Vienna Open 2013"]
[Site "Vienna AUT"]
[Date "2013.08.24"]
[Round "8.16"]
[White "Chatalbashev,B"]
[Black "Visser,HJ"]
[Result "1-0"]
[WhiteElo "2523"]
[BlackElo "2262"]

1.Nf3 d5 2.g3 c6 3.Bg2 Bg4 4.O-O Nd7 5.d3 e6 6.e4 Bd6 7.Nbd2 Ne7 8.h3 Bh5
9.b3 O-O 10.Bb2 Re8 11.c4 f6 12.Re1 a5 13.Qc2 Bf7 14.a3 Rc8 15.d4 h6 16.Rad1 Bg6
17.Nh4 Bh7 18.Qc1 b5 19.Bf3 bxc4 20.bxc4 Kh8 21.Bh5 Rf8 22.exd5 exd5 23.Re6 Qc7
24.Rde1 Nf5 25.Ng6+ Kg8 26.Nf1 Rfd8 27.Qc2 Nxg3 28.fxg3 Bxg3 29.Ne7+ Kh8
30.Bg6 Nf8 31.Bxh7 Nxe6 32.Rxe6 g6  1-0

[Event "74th ch-ARM 1st League"]
[Site "Yerevan ARM"]
[Date "2013.08.24"]
[Round "4.7"]
[White "Hayrapetyan,A"]
[Black "Hayrapetyan,Ho"]
[Result "0-1"]
[WhiteElo "2200"]
[BlackElo "2486"]

1.Nf3 d5 2.g3 Nf6 3.Bg2 Bg4 4.c4 Bxf3 5.Bxf3 c6 6.cxd5 cxd5 7.d4 e6 8.O-O Nc6
9.Nc3 Bb4 10.Qd3 O-O 11.Bf4 Bxc3 12.Qxc3 Rc8 13.Qd2 Qb6 14.e3 h6 15.h4 Ne4
16.Qe2 Qd8 17.Rac1 f6 18.Bxe4 dxe4 19.Qg4 Qe7 20.Rfd1 Nb4 21.Bxh6 f5 22.Bg5 fxg4
23.Bxe7 Nd3 24.Bxf8 Rxc1 25.Rxc1 Nxc1 26.Bb4 Nxa2 27.Bd2 Kf7 28.Kf1 Ke7 29.Ke2 Kd6
30.Kd1 Kd5 31.Kc2 Kc4 32.b3+ Kb5 33.d5 exd5 34.h5 Nb4+ 35.Kd1 d4 36.exd4 Nd5
37.Ke2 Kc6 38.Bg5 Kd6 39.Kd2 Ke6 40.Bd8 Kf5 41.Kc2 b5 42.Kd2 a6 43.Ke2 Ke6
44.Kd2 Kd7 45.Ba5 Kc6 46.Bd8 b4 47.Bg5 a5 48.Kc2 Kb5 49.Kb2 a4 50.bxa4+ Kxa4
51.Bd8 b3 52.Bg5 Kb4 53.Bd2+ Kc4 54.Be3 Nb4 55.Kc1 Nc2 56.Bf4 Kc3 57.Bd2+ Kxd4
58.Kb2 Kc4 59.Bc3 Nd4 60.Ba5 Nf5 61.Bc3 e3 62.fxe3 Nxg3 63.Bxg7 Nxh5 64.Be5 g3
65.e4 g2 66.Bh2 Nf4 67.e5 Nd3+  0-1

[Event "Caissa IM Aug 2013"]
[Site "Kecskemet HUN"]
[Date "2013.08.25"]
[Round "13.2"]
[White "Neuer,T"]
[Black "Betaneli,A"]
[Result "0-1"]
[WhiteElo "2088"]
[BlackElo "2247"]

1.Nf3 d5 2.g3 Nf6 3.Bg2 e6 4.O-O Nbd7 5.c4 dxc4 6.a4 a5 7.Qc2 Nb6 8.Na3 Bxa3
9.Rxa3 O-O 10.d3 cxd3 11.Rxd3 Nbd5 12.Rd4 Qe7 13.Ne5 Nb4 14.Qc4 Nfd5 15.Rfd1 c5
16.Rg4 f5 17.Rh4 Qf6 18.Nd3 Nxd3 19.Qxd3 b6 20.e4 Nb4 21.Qd2 Ra7 22.exf5 Rd7
23.Qe1 exf5 24.Rc4 Nd3 25.Qe2  0-1

[Event "TCh-SRB 1st League 2013"]
[Site "Kragujevac SRB"]
[Date "2013.08.25"]
[Round "2.1"]
[White "Benkovic,P"]
[Black "Lukovic,V"]
[Result "0-1"]
[WhiteElo "2428"]
[BlackElo "2346"]

1.Nf3 d5 2.g3 Nf6 3.Bg2 g6 4.c4 c6 5.b3 Bg7 6.Bb2 O-O 7.O-O Nbd7 8.d4 Ne4
9.Nbd2 Ndf6 10.Rc1 Be6 11.Ne5 Nxd2 12.Qxd2 Ne4 13.Qc2 Bh6 14.e3 Nf6 15.Qe2 Qa5
16.Bc3 Qb6 17.c5 Qc7 18.b4 Bg7 19.f3 Nd7 20.Nd3 Rfd8 21.Nf4 Nf8 22.a4 a6
23.Qb2 f6 24.Nxe6 Nxe6 25.e4 Ng5 26.exd5 cxd5 27.Rfe1 Qd7 28.Qb3 Kh8 29.Rcd1 f5
30.Rd3 Bf6 31.Bd2 Ne6 32.Be3 f4 33.Bf2 Ng7 34.g4 g5 35.Rd2 Kg8 36.Bf1 Kf7
37.Bd3 h5 38.h3 Rh8 39.Kg2 hxg4 40.hxg4 Rh6 41.Rh1 Rxh1 42.Kxh1 Rh8+ 43.Kg2 Qd8
44.b5 axb5 45.axb5 Rh6 46.Qa2 e6 47.Qa1 Qh8 48.Qg1 Qa8 49.Rc2 Ne8 50.Qb1 Nc7
51.Ra2 Qh8 52.Qg1 Rh3 53.Ra4 e5 54.dxe5 Bxe5 55.b6 Ne6 56.Ra7 Nd8 57.Qd1 Rh2+
58.Kf1 Rxf2+ 59.Kxf2 Qh2+  0-1

[Event "TCh-SRB 1st League 2013"]
[Site "Kragujevac SRB"]
[Date "2013.08.25"]
[Round "2.5"]
[White "Lazic,Mir"]
[Black "Maksimovic,Br"]
[Result "1-0"]
[WhiteElo "2457"]
[BlackElo "2409"]

1.g3 d5 2.Nf3 Nf6 3.Bg2 e6 4.c4 dxc4 5.Qa4+ Nbd7 6.Qxc4 a6 7.Qc2 c5 8.Nc3 Bd6
9.O-O Rb8 10.d4 Qc7 11.dxc5 Bxc5 12.Bd2 b5 13.Rac1 O-O 14.Bf4 Bd6 15.Bxd6 Qxd6
16.Rfd1 Qb6 17.Ng5 h6 18.Nge4 Ne8 19.Qd2 f5 20.Nd6 Nxd6 21.Qxd6 Qxd6 22.Rxd6 Ne5
23.b3 Nf7 24.Rc6 Rd8 25.Nd1 Nd6 26.Nb2 Bb7 27.Rc7 Bxg2 28.Kxg2 Nf7 29.Nd3 e5
30.R1c5 Re8 31.Ra7 Rb6 32.Rcc7 Rf6 33.Nb4 Rd8 34.Nxa6 g5 35.Nb4 g4 36.Rd7 Rxd7
37.Rxd7 f4 38.Rd5 f3+ 39.Kf1 e4 40.e3 Rd6 41.Rxd6 Nxd6 42.a4 bxa4 43.bxa4 Nc4
44.Nd5 Kf7 45.Nc3 Ke6 46.Nxe4 Ke5 47.Nc5 Kd5 48.Nd3 Kc6 49.h3 gxh3 50.Kg1 Kb6
51.Kh2 Ka5 52.Kxh3 Kxa4 53.Kg4 Nd2 54.Kf4 Kb5 55.Ne5 Kc5 56.Nxf3 Nc4 57.Nh4 Nd6
58.e4 Nf7 59.Nf5 Kc6 60.Ke3 Kd7 61.f4 Ke6 62.g4 Kf6 63.e5+ Kg6 64.Ke4 Nd8
65.Kd5 h5 66.Nh4+ Kf7 67.gxh5 Ne6 68.Ke4  1-0

[Event "ch-ESP w 2013"]
[Site "Linares ESP"]
[Date "2013.08.25"]
[Round "9.4"]
[White "Aranaz Murillo,A"]
[Black "Vega Gutierrez,B"]
[Result "1-0"]
[WhiteElo "2246"]
[BlackElo "2148"]

1.Nf3 d5 2.g3 Nf6 3.c4 e6 4.Bg2 dxc4 5.Qa4+ c6 6.Qxc4 b5 7.Qc2 Bb7 8.d4 Nbd7
9.Ne5 Nxe5 10.dxe5 Nd5 11.O-O Qc7 12.Qe4 Be7 13.Nd2 O-O 14.Nf3 c5 15.h4 h6
16.Qg4 Kh8 17.Qh5 Kg8 18.Nh2 Rfd8 19.Ng4 Bf8 20.Be4 Nb6 21.Bc2 Nc4 22.Bxh6 gxh6
23.Nxh6+ Bxh6 24.Qxh6 Nxe5 25.Bh7+ Kh8 26.Be4+ Kg8 27.Qh7+ Kf8 28.Bxb7 Qxb7
29.Qh8+ Ke7 30.Qxe5 Rd5 31.Qe4 Rad8 32.Rac1 Qa6 33.a3 c4 34.Rc3 Qa4 35.Rf3 R8d7
36.Qe3 Qc2 37.b3 cxb3 38.Qxb3 Qxe2 39.Qb4+ Ke8 40.Rc3 Rd1 41.Rc8+ Rd8 42.Rxd8+ Rxd8
43.Qc5 Rd1 44.Rxd1 Qxd1+ 45.Kh2 Qd7 46.h5 f5 47.Qe5 Kf7 48.Qh8 Qd2 49.Qh7+ Kf6
50.Qg6+ Ke5 51.Qg7+ Kd6 52.Qxa7 Qe2 53.Qd4+ Ke7 54.h6 Qh5+ 55.Qh4+ Qxh4+
56.gxh4 Kf7 57.Kg3 Kg6 58.Kf4 Kf6 59.h5 e5+ 60.Kg3 f4+ 61.Kg4  1-0

[Event "TCh-POR Div1 Final 2013"]
[Site "Matosinhos POR"]
[Date "2013.08.25"]
[Round "9.3"]
[White "Neves,P"]
[Black "Rocha,S"]
[Result "1/2-1/2"]
[WhiteElo "2218"]
[BlackElo "2415"]

1.Nf3 d5 2.g3 c6 3.Bg2 Bg4 4.c4 e6 5.O-O Nd7 6.b3 Be7 7.Bb2 Bf6 8.Nc3 Ne7
9.d4 dxc4 10.bxc4 Bxf3 11.Bxf3 Nb6 12.Ne4 Nxc4 13.Nxf6+ gxf6 14.Bc1 Qd7 15.Rb1 O-O
16.Qd3 b5 17.Qe4 f5 18.Qd3 f6 19.Qc3 Rad8 20.e3 Nd5 21.Qc2 a6 22.Rb3 Qd6
23.Re1 a5 24.a4 Nb4 25.Qe2 Rfe8 26.Qf1 Qd7 27.Be2 Nd6 28.axb5 Rb8 29.Bd2 cxb5
30.Bxb4 axb4 31.Rxb4 Rb6 32.Reb1 Reb8 33.Bd3 Kg7 34.Qe2 Qc6 35.Qb2 Qd5 36.Bf1 Ne4
37.Rc1 Kg6 38.h4 Ra8 39.Bxb5 Ra2 40.Be8+ Kh6 41.Rxb6 Rxb2 42.Rxb2 Nxg3 43.fxg3 Qf3
44.Kh2 Qxe3 45.Rf1 Qxd4 46.Rbf2 Kg7 47.Bc6 Qd3 48.Bg2 Kf7 49.Bh3 Qe3 50.Rf3 Qe2+
51.R1f2 Qe1 52.Bf1 Qe4 53.Rf4 Qc6 54.Bc4 Kg7 55.Ba2 Kg6 56.R4f3 Qb6 57.Bc4 Qc6
58.Bf1 Qd6 59.Bg2 Qd4 60.Rf1 Qd2 61.R3f2 Qe3 62.Bh3 Kg7 63.Rb2 Kg6 64.Rc2 Qe4
65.Rcf2 Qe3 66.Bxf5+ exf5 67.Rxf5 Qd4 68.Rxf6+ Qxf6 69.Rxf6+ Kxf6 70.g4 Ke5
71.Kg3 Ke4 72.h5 h6 73.g5 Kf5 74.g6 Kf6 75.Kf4 Kg7 76.Kf5 Kg8 77.Ke6 Kg7
78.Ke7 Kg8 79.Kf6  1/2-1/2

[Event "24th Porto San Giorgio Open"]
[Site "Porto San Giorgio ITA"]
[Date "2013.08.25"]
[Round "5.4"]
[White "Romanishin,O"]
[Black "Moroni,L"]
[Result "1/2-1/2"]
[WhiteElo "2494"]
[BlackElo "2225"]

1.Nf3 d5 2.g3 e6 3.Bg2 c5 4.O-O Nf6 5.d4 cxd4 6.Nxd4 a6 7.c4 dxc4 8.Qa4+ Qd7
9.Nc3 Qxa4 10.Nxa4 Nbd7 11.Bd2 Rb8 12.Rac1 e5 13.Nf5 b5 14.Nc3 Bb7 15.Rfd1 Bxg2
16.Kxg2 g6 17.Ne3 Nb6 18.a4 b4 19.Nb1 Nxa4 20.Nxc4 Nd7 21.Be3 Bc5 22.Rc2 Bxe3
23.Nxe3 Nab6 24.Nd5 Nxd5 25.Rxd5  1/2-1/2

[Event "18th Vienna Open 2013"]
[Site "Vienna AUT"]
[Date "2013.08.25"]
[Round "9.29"]
[White "Moser,E"]
[Black "Newrkla,K"]
[Result "1-0"]
[WhiteElo "2433"]
[BlackElo "2152"]

1.g3 d5 2.Nf3 c6 3.Bg2 Bg4 4.c4 e6 5.cxd5 exd5 6.h3 Bxf3 7.Bxf3 Nf6 8.O-O Bd6
9.d3 O-O 10.e4 dxe4 11.dxe4 Na6 12.Nc3 Qc7 13.a3 Rfe8 14.Qc2 Nc5 15.Be3 Qe7
16.Rfe1 a5 17.Rad1 Rad8 18.Bg2 Be5 19.Ne2 Nfd7 20.f4 Bc7 21.Nc3 f6 22.Kh1 Kh8
23.Bf2 Qf7 24.Ne2 Ne6 25.Qb3 b6 26.Qc4 Nb8 27.a4 Qe7 28.Nc3 Qb4 29.Rxd8 Bxd8
30.Qxb4 axb4 31.Nd1 Na6 32.e5 Nec5 33.Bxc6 Re6 34.Bb5 fxe5 35.fxe5 Bc7 36.Bd4 Bd6
37.Rf1 Be7 38.Bc4 Rc6 39.Rf7 Rc7 40.Ne3 Nb8 41.Nd5  1-0

[Event "TCh-SRB 1st League w 2013"]
[Site "Kragujevac SRB"]
[Date "2013.08.26"]
[Round "3.5"]
[White "Stojanovic,Andj"]
[Black "Djukic,Sa"]
[Result "1/2-1/2"]
[WhiteElo "2303"]
[BlackElo "2189"]

1.g3 d5 2.Nf3 c6 3.Bg2 Nf6 4.O-O Bf5 5.d3 e6 6.c4 Be7 7.cxd5 exd5 8.Qb3 Qb6
9.Qc2 h6 10.Nc3 O-O 11.e4 dxe4 12.dxe4 Bh7 13.Be3 Qa5 14.a3 Nbd7 15.b4 Qc7
16.Nd4 Ne5 17.Nf5 Bxf5 18.exf5 a5 19.Rab1 axb4 20.axb4 Nc4 21.Bf4 Bd6 22.Ne4 Nxe4
23.Qxe4 Bxf4 24.Qxc4 Bg5 25.b5 Ra5 26.bxc6 bxc6 27.Be4 Be7 28.Rfd1 Rc5 29.Qe2 Bf6  1/2-1/2